000 00501nam a2200157 a 4500
001 000032338
005 20200930065604.0
008 110714s19uu sp 000 0 spa d
040 _aDO-SdBNP
_bspa
_cBNPHU
082 _axxxx
_bM385f
100 1 _aMartínez de Trujillo, María
_96223
245 1 0 _aFalsa amistad :
_bensayo escénico, en dos y seis cuadros /
_cMaría Martínez de Trujillo.
260 _a[Madrid? :
_bEditorial Offset-Continente,
_c19--?].
300 _a92 p. ;
_c18 cm.
049 _aBNPD
999 _c31829
_d31829